Carriera di Mario Balotelli - Statistics

Statistiche generali
  • Questo quiz è stato fatto 233 volte
  • Il punteggio medio è 8 su 10
Statistiche sulle risposte
Stagione Risposta Presenze (Reti) % Corretto
2007/10 Inter 86 (28)
98%
2013/14 Milan 54 (30)
98%
2015/16 Milan 23 (3)
98%
2010/2013 Manchester City 80 (30)
91%
2019/2020 Brescia 19 (5)
86%
2016/2019 Nizza 76 (43)
73%
2014/15 Liverpool 28 (4)
72%
2020-presente Monza
65%
2019 Marsiglia 15 (8)
56%
2005/06 Lumezzane 2 (0)
29%
Nessun quiz corrispondente trovato
Distribuzione punteggi
Percentuale di utenti per punteggio
Percentile per numero di risposta
I tuoi punteggi nel tempo
Non hai fatto questo quiz